000 00613nam a22002177a 4500
003 UA-OsUOA
001 82978
007 ta
008 20120327b un ||||| |||| 00| 0 ukr d
100 _aЛевченко Г.
090 _a82
_bЛ38
942 _cSA
040 _aUA-OsUOA
_bukr
_cUA-OsUOA
_dUA-OsUOA
245 _aКвітковий стиль та уламки орфічного міфу в ліриці Лесі Українки
300 _aС.21-32
955 _a0
041 _aukr
080 _a82
773 0 _w82974
650 7 _a82 Література. Літературознавство
_2UDC
999 _c369313
_d369313